Geography - Q - Statistics

General Stats
  • This quiz has been taken 31 times
  • The average score is 5 of 15
Answer Stats
Hint Answer % Correct
The capital city of Ecuador. Quito
97%
The ancient civilization of Dilmun once encompassed this country. Qatar
77%
Another Iranian city; houses the shrine of Fatima bint Musa. Qom
55%
This state alone is larger than ~179 countries. Queensland
48%
Major city in China's Shandong Province; Germany briefly controlled it. Qingdao
45%
American revolutionaries attempted to capture this city in 1775. Québec
42%
The largest city of Pakistan's Balochistan Province. Quetta
35%
Mexico's easternmost state. Quintana Roo
19%
Excluding autonomous regions, this province is China's largest by area (280,000mi²). Despite this, it is among China's least populous provinces. Qinghai
10%
Chinese city at the mouth of the Jin River; it is Fujian Province's largest metropolitan area. Quanzhou
10%
This Iranian city, lying 93 miles northwest of Tehran, was one of the Safavids' capitals. Qazvin
6%
The Northeastern-most portion of the Olympic Peninsula of Washington State. Quimper
6%
South-central Kazakh city, which is the capital of the region of the same name. Qyzylorda
3%
Inland city of Somalia as part of its Puntland State. Qardho
0%
The Arabic name of Córdoba. Qurṭubah
0%
No matching quizzes found
Score Distribution
Percent of People with Each Score
Percentile by Number Answered
Your Score History
You have not taken this quiz